[Event "LTU-chT"]
[Site "Lithuania"]
[Date "2021.05.15"]
[Round "6.4"]
[White "Solys, Laimutis"]
[Black "Maciuitis, Ignas"]
[Result "1/2-1/2"]
[WhiteElo "2319"]
[BlackElo "1789"]
[PlyCount "78"]
[EventDate "2021.05.07"]
[EventType "team-swiss"]
[EventRounds "7"]
[EventCountry "LTU"]
[SourceTitle "CBM 202 Extra"]
[Source "ChessBase"]
[SourceDate "2021.07.31"]
[SourceVersion "1"]
[SourceVersionDate "2021.07.31"]
[SourceQuality "1"]
[WhiteTeam "Kaunas Margiris"]
[BlackTeam "Plunge Bokstas"]
[WhiteTeamCountry "LTU"]
[BlackTeamCountry "LTU"]

1. e4 e6 2. d4 d5 3. Nc3 Bb4 4. Nge2 Nf6 5. e5 Nfd7 6. a3 Be7 7. f4 c5 8. Be3 a6 9. dxc5 Bxc5 10. Bxc5 Nxc5 11. Nd4 Nc6 12. Qd2 Nxd4 13. Qxd4 Qc7 14. Be2 0-0 15. 0-0 f6 16. exf6 Rxf6 17. g3 Bd7 18. Bf3 Kh8 19. Rad1 Rh6 20. Rfe1 Rf8 21. Re5 b6 22. Bg4 Nb7 23. Nxd5 Qxc2 24. Re2 Qg6 25. Ne3 Bb5 26. Ree1 Nc5 27. Be2 Bc6 28. Nf1 Qf5 29. Qd6 e5 30. Ne3 Qc8 31. Qe7 Re8 32. Bg4 Qb8 33. Qg5 Ne4 34. Qf5 Rf6 35. Qh5 exf4 36. Nd5 Bxd5 37. Qxd5 Rd6 38. Qc4 Rxd1 39. Bxd1 Ng5 1/2-1/2

[Event "Plunge op 40th"]
[Site "Plateliai"]
[Date "2020.07.13"]
[Round "1"]
[White "Maciuitis, Ignas"]
[Black "Salna, Aleksandras"]
[Result "0-1"]
[WhiteElo "1817"]
[BlackElo "2055"]
[PlyCount "44"]
[EventDate "2020.07.13"]
[EventType "swiss"]
[EventRounds "9"]
[EventCountry "LTU"]
[SourceTitle "CBM 197 Extra"]
[Source "ChessBase"]
[SourceDate "2020.09.30"]
[SourceVersion "1"]
[SourceVersionDate "2020.09.30"]
[SourceQuality "1"]

1. e4 c5 2. d4 cxd4 3. c3 Nf6 4. e5 Nd5 5. cxd4 d6 6. Bc4 Nb6 7. Bb3 dxe5 8. dxe5 Qxd1+ 9. Bxd1 Nc6 10. f4 Nb4 11. Nc3 Be6 12. Nb5 0-0-0 13. Be3 Nc4 14. Bxa7 Nd3+ 15. Ke2 Nxf4+ 16. Kf3 g5 17. Rc1 Rd2 18. Bc2 Nxe5+ 19. Ke3 Nc4+ 20. Kf3 h5 21. b3 g4+ 22. Ke4 f5+ 0-1

[Event "LTU-chT"]
[Site "Lithuania"]
[Date "2020.01.26"]
[Round "2.1"]
[White "Maciuitis, Ignas"]
[Black "Zaura, Vidmantas"]
[Result "0-1"]
[WhiteElo "1799"]
[BlackElo "2141"]
[PlyCount "68"]
[EventDate "2020.01.25"]
[EventType "team-swiss"]
[EventRounds "7"]
[EventCountry "LTU"]
[SourceTitle "CBM 195 Extra"]
[Source "ChessBase"]
[SourceDate "2020.05.31"]
[SourceVersion "1"]
[SourceVersionDate "2020.05.31"]
[SourceQuality "1"]
[WhiteTeam "Plunge Bokstas"]
[BlackTeam "Panevezio Gigant"]
[WhiteTeamCountry "LTU"]
[BlackTeamCountry "LTU"]

1. e4 e5 2. Nf3 Nf6 3. Nxe5 d6 4. Nf3 Nxe4 5. Nc3 Nf6 6. d4 Bg4 7. h3 Bh5 8. Bg5 Be7 9. Qd2 Bxf3 10. gxf3 h6 11. Be3 d5 12. 0-0-0 Nc6 13. Re1 Kf8 14. Rg1 Qd7 15. Bf4 Nh5 16. Be3 a6 17. Be2 Nf6 18. Rg2 Nd8 19. Reg1 Ne6 20. h4 h5 21. Bd3 g6 22. f4 Ng7 23. f3 c5 24. f5 c4 25. fxg6 cxd3 26. Bh6 Rxh6 27. Qxh6 Ng8 28. Qh8 f5 29. Re1 Bf6 30. cxd3 Bxd4 31. Rge2 Rc8 32. Kd2 f4 33. Nd1 Qc6 34. Re8+ Rxe8 0-1

[Event "Plunge op-A 39th"]
[Site "Plateliai"]
[Date "2019.07.15"]
[Round "1"]
[White "Stremavicius, Pijus"]
[Black "Maciuitis, Ignas"]
[Result "1-0"]
[WhiteElo "2071"]
[BlackElo "1739"]
[PlyCount "97"]
[EventDate "2019.07.15"]
[EventType "swiss"]
[EventRounds "9"]
[EventCountry "LTU"]
[SourceTitle "CBM 191 Extra"]
[Source "ChessBase"]
[SourceDate "2019.09.30"]
[SourceVersion "1"]
[SourceVersionDate "2019.09.30"]
[SourceQuality "1"]

1. Nf3 g6 2. d4 c5 3. c3 Bg7 4. e3 Nf6 5. Nbd2 0-0 6. dxc5 Qc7 7. b4 Nd5 8. Qb3 Bxc3 9. Rb1 e6 10. e4 Bxd2+ 11. Bxd2 Nf4 12. g3 Nh5 13. Be2 Qc6 14. Qe3 Nf6 15. Bd3 Ng4 16. Qd4 Qc7 17. e5 f5 18. h3 Nc6 19. Qd6 Qxd6 20. exd6 Nge5 21. Nxe5 Nxe5 22. Be2 b6 23. f4 Bb7 24. 0-0 Nf7 25. Be3 Be4 26. Rbc1 bxc5 27. Bxc5 a6 28. a4 Rfc8 29. Kf2 Rc6 30. b5 axb5 31. Bxb5 Rcc8 32. Bxd7 Rcb8 33. Bxe6 Rb2+ 34. Ke3 Re8 35. Bxf7+ Kxf7 36. Kd4 Ra8 37. Rfd1 Bf3 38. Rd3 Be4 39. Kc3 Rab8 40. Rd2 R2b3+ 41. Kc4 R3b7 42. a5 Bc6 43. Re1 Ra8 44. Bb6 Be8 45. Rde2 Bd7 46. Re7+ Kg8 47. R1e5 Rc8+ 48. Rc5 Rcb8 49. Rc7 1-0

[Event "LTU-ch"]
[Site "Vilnius"]
[Date "2019.03.16"]
[Round "2"]
[White "Posaskov, Sergej"]
[Black "Maciuitis, Ignas"]
[Result "1-0"]
[WhiteElo "1508"]
[BlackElo "1781"]
[PlyCount "71"]
[EventDate "2019.03.15"]
[EventType "swiss"]
[EventRounds "9"]
[EventCountry "LTU"]
[SourceTitle "CBM 189 Extra"]
[Source "ChessBase"]
[SourceDate "2019.05.31"]
[SourceVersion "1"]
[SourceVersionDate "2019.05.31"]
[SourceQuality "1"]

1. d4 c5 2. d5 f5 3. c4 Nf6 4. Nc3 g6 5. Bf4 d6 6. e3 Bg7 7. Bd3 0-0 8. h3 Na6 9. a3 Bd7 10. Nf3 Rb8 11. 0-0 Nc7 12. Rc1 b5 13. Ng5 bxc4 14. Bxc4 Rxb2 15. Rb1 Rxb1 16. Qxb1 Nh5 17. Ne2 Qb8 18. Bh2 Qb6 19. Qd3 Rb8 20. Nf4 Nxf4 21. Bxf4 Qb2 22. Ne6 Nxe6 23. dxe6 Bc6 24. Rd1 Be4 25. Qf1 Qxa3 26. Bxd6 Rb7 27. Bf4 Qa5 28. Kh2 h6 29. Bd5 Bxd5 30. Rxd5 Qb4 31. Rd7 g5 32. Qa6 Rb6 33. Qc8+ Kh7 34. Rxe7 gxf4 35. Qf8 Qc3 36. Qxf5+ 1-0

[Event "LTU-ch"]
[Site "Vilnius"]
[Date "2019.03.15"]
[Round "1"]
[White "Maciuitis, Ignas"]
[Black "Laurusas, Tomas"]
[Result "0-1"]
[WhiteElo "1781"]
[BlackElo "2495"]
[PlyCount "70"]
[EventDate "2019.03.15"]
[EventType "swiss"]
[EventRounds "9"]
[EventCountry "LTU"]
[SourceTitle "CBM 189 Extra"]
[Source "ChessBase"]
[SourceDate "2019.05.31"]
[SourceVersion "1"]
[SourceVersionDate "2019.05.31"]
[SourceQuality "1"]

1. e4 c5 2. Nf3 e6 3. d4 cxd4 4. Nxd4 a6 5. Be2 Nf6 6. Nd2 d6 7. 0-0 Nbd7 8. b3 Be7 9. a4 0-0 10. Ba3 Nc5 11. Bf3 e5 12. Ne2 Qc7 13. Ng3 Be6 14. Qe2 g6 15. Rac1 b5 16. axb5 axb5 17. Bb4 Na6 18. Ba3 b4 19. Bb2 Rfc8 20. c3 Qb7 21. c4 Nc5 22. h3 Ra2 23. Rb1 Qd7 24. Qe3 Qd8 25. Bd1 Nfd7 26. Nf3 Nb8 27. Kh2 Nc6 28. Re1 h5 29. Kg1 h4 30. Nf1 Nxe4 31. Bc2 Nc3 32. Bxc3 Rxc2 33. Bb2 Bf6 34. Red1 Bf5 35. Qh6 Re2 0-1

[Event "Plunge op-A 38th"]
[Site "Plateliai"]
[Date "2018.07.19"]
[Round "5"]
[White "Maciuitis, Ignas"]
[Black "Kusner, Michail"]
[Result "1-0"]
[WhiteElo "1778"]
[BlackElo "1771"]
[PlyCount "37"]
[EventDate "2018.07.16"]
[EventType "swiss"]
[EventRounds "9"]
[EventCountry "LTU"]
[SourceTitle "EXT 2019"]
[Source "ChessBase"]
[SourceDate "2018.10.10"]
[SourceVersion "1"]
[SourceVersionDate "2018.10.10"]
[SourceQuality "1"]

1. e4 e6 2. d4 d5 3. Nc3 Nf6 4. Bg5 Be7 5. e5 Nfd7 6. Bxe7 Qxe7 7. f4 a6 8. Nf3 c5 9. Bd3 c4 10. Be2 Nc6 11. 0-0 0-0 12. b3 cxb3 13. axb3 Rb8 14. Bd3 b5 15. Bxh7+ Kxh7 16. Ng5+ Kg6 17. Qg4 f6 18. f5+ exf5 19. Qxf5+ 1-0

[Event "LTU-chT"]
[Site "Lithuania"]
[Date "2018.04.14"]
[Round "6.4"]
[White "Skietrys, Eugenijus"]
[Black "Maciuitis, Ignas"]
[Result "0-1"]
[WhiteElo "1433"]
[BlackElo "1706"]
[PlyCount "56"]
[EventDate "2018.01.27"]
[EventType "team-swiss"]
[EventRounds "7"]
[EventCountry "LTU"]
[SourceTitle "EXT 2019"]
[Source "ChessBase"]
[SourceDate "2018.10.10"]
[SourceVersion "1"]
[SourceVersionDate "2018.10.10"]
[SourceQuality "1"]
[WhiteTeam "Kaunas Standartas"]
[BlackTeam "Plunge Bokstas"]
[WhiteTeamCountry "LTU"]
[BlackTeamCountry "LTU"]

1. d4 c5 2. Nf3 g6 3. Bf4 Bg7 4. e3 Nc6 5. c3 Qb6 6. Qb3 d6 7. Nbd2 Nf6 8. dxc5 Qxc5 9. Bd3 0-0 10. Qd1 Nh5 11. Nc4 Qb6 12. Qc2 e5 13. Bg3 d5 14. Ncd2 e4 15. Nxe4 dxe4 16. Bxe4 Re8 17. 0-0-0 Be6 18. Kb1 Rac8 19. Ng5 Bxa2+ 20. Kc1 Bb3 21. Qe2 Qa5 22. Bb1 Bxd1 23. Qxd1 Qxg5 24. Qb3 Na5 25. Qc2 Qd5 26. b4 Rxc3 27. bxa5 Rxc2+ 28. Bxc2 Nxg3 0-1

[Event "LTU-chT"]
[Site "Lithuania"]
[Date "2018.03.25"]
[Round "5.4"]
[White "Maciuitis, Ignas"]
[Black "Lengvinas, Matas"]
[Result "1-0"]
[WhiteElo "1706"]
[BlackElo "1187"]
[PlyCount "53"]
[EventDate "2018.01.27"]
[EventType "team-swiss"]
[EventRounds "7"]
[EventCountry "LTU"]
[SourceTitle "EXT 2019"]
[Source "ChessBase"]
[SourceDate "2018.10.10"]
[SourceVersion "1"]
[SourceVersionDate "2018.10.10"]
[SourceQuality "1"]
[WhiteTeam "Plunge Bokstas"]
[BlackTeam "Klaipeda Teisingumo"]
[WhiteTeamCountry "LTU"]
[BlackTeamCountry "LTU"]

1. e4 e5 2. Nf3 Nf6 3. Nc3 Nc6 4. Bb5 d6 5. 0-0 Bg4 6. h3 Bh5 7. Re1 a6 8. Be2 Bg6 9. d3 Qd7 10. a3 0-0-0 11. b4 d5 12. b5 axb5 13. exd5 Nxd5 14. Nxb5 f5 15. c4 Nb6 16. Be3 e4 17. Bxb6 exf3 18. Bxc7 fxe2 19. Qa4 Qe6 20. Qa8+ Kd7 21. Qxb7 Ke8 22. Bxd8 Kxd8 23. Qc7+ Ke8 24. Ra2 Qd7 25. Raxe2+ Be7 26. Nd6+ Qxd6 27. Qxd6 1-0

[Event "LTU-ch"]
[Site "Kaunas"]
[Date "2018.03.03"]
[Round "3"]
[White "Maciuitis, Ignas"]
[Black "Vazgauskas, Povilas"]
[Result "1-0"]
[WhiteElo "1761"]
[BlackElo "1015"]
[PlyCount "47"]
[EventDate "2018.03.02"]
[EventType "swiss"]
[EventRounds "9"]
[EventCountry "LTU"]
[SourceTitle "CBM 183 Extra"]
[Source "ChessBase"]
[SourceDate "2018.04.19"]
[SourceVersion "1"]
[SourceVersionDate "2018.04.19"]
[SourceQuality "1"]

1. e4 c5 2. Nf3 d6 3. d4 cxd4 4. Nxd4 a6 5. Nc3 Nf6 6. Bc4 Nc6 7. Be3 Ng4 8. 0-0 e5 9. Nf5 Bxf5 10. exf5 Nf6 11. Qf3 Qe7 12. Bg5 Nd4 13. Qd3 Qd8 14. Rfe1 Be7 15. Bxf6 gxf6 16. Nd5 b5 17. Bb3 Rg8 18. Nxf6+ Bxf6 19. Qxd4 Qd7 20. Qd5 Rc8 21. Rad1 Rc6 22. c4 bxc4 23. Ba4 Qxf5 24. Bxc6+ 1-0

[Event "LTU-chT"]
[Site "Lithuania"]
[Date "2018.01.28"]
[Round "2.3"]
[White "Vilkys, Benediktas"]
[Black "Maciuitis, Ignas"]
[Result "1-0"]
[WhiteElo "1316"]
[BlackElo "1706"]
[PlyCount "111"]
[EventDate "2018.01.27"]
[EventType "team-swiss"]
[EventRounds "7"]
[EventCountry "LTU"]
[SourceTitle "EXT 2019"]
[Source "ChessBase"]
[SourceDate "2018.10.10"]
[SourceVersion "1"]
[SourceVersionDate "2018.10.10"]
[SourceQuality "1"]
[WhiteTeam "Marijampole Suduvos Ateitis"]
[BlackTeam "Plunge Bokstas"]
[WhiteTeamCountry "LTU"]
[BlackTeamCountry "LTU"]

1. e4 e6 2. d4 d5 3. e5 c5 4. c3 Nc6 5. Nf3 Qb6 6. a3 Bd7 7. b4 c4 8. Be3 a5 9. Nbd2 Nge7 10. Be2 Nf5 11. 0-0 Be7 12. Re1 Na7 13. Nf1 Nb5 14. Qc2 h5 15. Qb2 a4 16. Bg5 f6 17. Be3 0-0-0 18. Bd1 Nc7 19. Bc2 Rdg8 20. Rab1 g5 21. Qc1 g4 22. exf6 gxf3 23. fxe7 Rxg2+ 24. Kh1 Nxe3 25. Qxe3 Qd6 26. Qxf3 Rg4 27. Re5 Qxe7 28. Rxh5 Rxh5 29. Qxg4 Rg5 30. Qf3 e5 31. Re1 Qg7 32. Ng3 exd4 33. cxd4 Kb8 34. Qe3 Bh3 35. Bxa4 Ne6 36. f4 Rh5 37. Bd7 Rh6 38. f5 Nxd4 39. Qf4+ Ka7 40. f6 Rxf6 41. Qxd4+ b6 42. Bf5 Ka6 43. Re8 Bxf5 44. Nxf5 Qf7 45. Re7 Qf8 46. b5+ Kxb5 47. Qxd5+ Ka6 48. Qxc4+ b5 49. Re6+ Rxe6 50. Qxe6+ Ka5 51. h4 Qxa3 52. Qe3 Qa1+ 53. Kg2 Qb2+ 54. Kg3 b4 55. h5 Qc2 56. Qa7+ 1-0

[Event "LTU-chT"]
[Site "Lithuania"]
[Date "2018.01.27"]
[Round "1.3"]
[White "Maciuitis, Ignas"]
[Black "Stauskas, Lukas"]
[Result "0-1"]
[WhiteElo "1706"]
[BlackElo "2321"]
[PlyCount "66"]
[EventDate "2018.01.27"]
[EventType "team-swiss"]
[EventRounds "7"]
[EventCountry "LTU"]
[SourceTitle "EXT 2019"]
[Source "ChessBase"]
[SourceDate "2018.10.10"]
[SourceVersion "1"]
[SourceVersionDate "2018.10.10"]
[SourceQuality "1"]
[WhiteTeam "Plunge Bokstas"]
[BlackTeam "Siauliai Tomas"]
[WhiteTeamCountry "LTU"]
[BlackTeamCountry "LTU"]

1. e4 c5 2. d4 cxd4 3. c3 dxc3 4. Nxc3 Nc6 5. Nf3 e6 6. Bc4 a6 7. 0-0 b5 8. Bb3 Bb7 9. Bf4 Bb4 10. Rc1 Nge7 11. Qe2 Ng6 12. Bg3 0-0 13. Rfd1 Na5 14. Rd4 Nxb3 15. axb3 Bc5 16. Rd2 Bc6 17. Qd1 Qb6 18. Ne2 Rfc8 19. Ng5 h6 20. Rdc2 Be3 21. fxe3 Qxe3+ 22. Kh1 Qxg5 23. Nd4 Bb7 24. Nf3 Qd8 25. Rc7 Bxe4 26. Rxd7 Qxd7 27. Qxd7 Rxc1+ 28. Ng1 Rac8 29. Bf2 R8c2 30. Qd8+ Kh7 31. Qd4 Bd5 32. h4 Rf1 33. Be3 Rxg2 0-1

[Event "Plunge City-ch"]
[Site "Plunge"]
[Date "2018.01.??"]
[Round "5.3"]
[White "Maciuitis, Ignas"]
[Black "Meskauskaite, Gabija"]
[Result "1-0"]
[WhiteElo "1706"]
[BlackElo "1224"]
[PlyCount "43"]
[EventDate "2018.01.21"]
[EventType "swiss"]
[EventRounds "7"]
[EventCountry "LTU"]
[SourceTitle "EXT 2024"]
[Source "ChessBase"]
[SourceDate "2023.10.10"]
[SourceVersion "1"]
[SourceVersionDate "2023.10.10"]
[SourceQuality "1"]

1. e4 e5 2. Bc4 Nf6 3. Nf3 Bc5 4. 0-0 0-0 5. Nxe5 Qe7 6. d4 Bb4 7. c3 Ba5 8. Bg5 d6 9. Bxf6 Qxf6 10. Ng4 Qf4 11. f3 Bxg4 12. fxg4 Qxe4 13. Nd2 Qg6 14. Qb3 Bb6 15. Rf4 c6 16. Bxf7+ Rxf7 17. Raf1 d5 18. Rxf7 h6 19. Rf8+ Kh7 20. Nf3 Qd6 21. Qc2+ g6 22. Ng5+ 1-0

[Event "Plunge op 37th"]
[Site "Plateliai"]
[Date "2017.07.18"]
[Round "2"]
[White "Maciuitis, Ignas"]
[Black "Vasylius, Kestutis"]
[Result "1-0"]
[WhiteElo "1723"]
[BlackElo "2065"]
[PlyCount "67"]
[EventDate "2017.07.17"]
[EventType "swiss"]
[EventRounds "9"]
[EventCountry "LTU"]
[SourceTitle "EXT 2019"]
[Source "ChessBase"]
[SourceDate "2018.10.10"]
[SourceVersion "1"]
[SourceVersionDate "2018.10.10"]
[SourceQuality "1"]

1. e4 c5 2. d4 cxd4 3. c3 d3 4. c4 g6 5. Nf3 Bg7 6. Bxd3 d6 7. Nc3 Nc6 8. 0-0 Nf6 9. h3 0-0 10. Bf4 Qb6 11. Qe2 Be6 12. a3 Nh5 13. Bg5 Ng3 14. Qd2 Nxf1 15. Rxf1 Rfe8 16. b4 Rac8 17. Be3 Qd8 18. Bh6 Ne5 19. Nxe5 Bxe5 20. f4 Bg7 21. f5 Bxc4 22. Bxc4 Rxc4 23. fxg6 hxg6 24. Bxg7 Kxg7 25. Qd5 Rc8 26. Rxf7+ Kh6 27. h4 Qb6+ 28. Kh2 Qe3 29. Rf3 Qc1 30. Ne2 Qc4 31. Qg5+ Kg7 32. Ng3 Qc1 33. Nh5+ Kh8 34. Nf4 1-0